[Event "ISR-ch"]
[Site "Ramat Aviv/Modiin"]
[Date "2000.12.19"]
[Round "3"]
[White "Postny, Evgeny"]
[Black "Gershon, Alik"]
[Result "0-1"]
[WhiteElo "2421"]
[BlackElo "2502"]
[Annotator "Gershon,A"]
[PlyCount "68"]
[EventDate "2000.12.17"]
[EventType "tourn"]
[EventRounds "11"]
[EventCountry "ISR"]
[EventCategory "11"]
[SourceTitle "CBM 081"]
[Source "ChessBase"]
[SourceDate "2001.03.20"]
[SourceVersion "1"]
[SourceVersionDate "2001.03.20"]
[SourceQuality "1"]

1. d4 Nf6 2. c4 e6 3. Nc3 Bb4 4. Qc2 O-O 5. a3 Bxc3+ 6. Qxc3 b6 7. Nf3 Bb7 8.
e3 d6 9. Be2 Nbd7 10. O-O Ne4 11. Qc2 f5 12. b4 Rf6 13. d5 Rg6 (13... exd5 14.
Bb2 Rh6 15. cxd5 Bxd5 16. Bc4 Bxc4 17. Qxc4+ Kh8 18. Qf7 Ndf6 19. Rac1 c5 20.
Rfd1 Qe8 21. Qb7 Qb8 22. Qe7 Qf8 23. Qb7 Qb8 24. Qe7 Qe8 25. Qb7 {1/2-1/2
Postny,E-Psakhis,L/Tel Aviv / Modiin 2000 (25)}) 14. Bb2 c5 $1 {The idea of
this move is very interesting: black wants to simply capture on d5 leaving
white with a weakness while black has already removed his potential one from
c7. Therefore, white should react by taking on either e6 or c6 which will
inevitably free black's B giving black a very promising game.  Big was my
surprise when I saw only ONE game with such a move in my database!} (14... Ng5
15. Nxg5 Qxg5 16. g3 Ne5 17. f4 Qh4 18. fxe5 Rxg3+ 19. Kh1 Qh3 20. Rg1 Rxe3 21.
exd6 $18 {1-0 Schandorff,L-Karason,A/Torshavn 1997/CBM 56 ext (29)}) 15. Rfd1 {
After this move it's clear that black's plan has succeeded.However, I cannot
point on a better move for white.} (15. dxe6 Nf8 16. bxc5 bxc5 17. Ne1 Qg5 18.
f4 Qe7 $15 {0-1 Varga,P-Enders,P/Budapest 1996/CBM 51 ext (46)}) (15. dxc6 Bxc6
{[%cal Ge4g5]} 16. Nd4 $4 Rxg2+ $1 17. Kxg2 (17. Kh1 Rg1+ $1 18. Kxg1 Qg5+ 19.
Kh1 Nxf2#) 17... Qg5+ 18. Kh3 (18. Kh1 Nxf2#) 18... Qh6+ 19. Kg2 Qg6+ 20. Kh3
Ng5+ 21. Kg3 Nf3+ {mating}) 15... Qe7 16. Bf1 Kh8 $5 {Now, Ndf6 on the next
move will create a threat of taking the d5 pawn} 17. dxe6 (17. Ne1 exd5 18.
cxd5 Ndf6 19. bxc5 bxc5 $15 {[%csl Rd5,Rf2][%cal Gf6g4,Gf6d5]}) 17... Qxe6 18.
Ne1 Ng5 19. Kh1 Rh6 {[%cal Gf5f4] Black simply intends to bring his Q to the h
file mating. For instance black is now threatenning f4 followed by Qh3} 20. Qc3
Qf7 (20... Ne5 {[%cal Gg5e4,Ye6f7,Yf7h5] is the most natural move, but it lets
white solve his problems relatively without too much of a loss.} 21. Rxd6 Qxd6
22. Qxe5 Qxe5 23. Bxe5 {the realization of the extra material is not an easy
task}) 21. f3 Rg8 22. Rd2 $6 (22. Qc2 $142 {White must prevent black N from
getting to e5 at any cost, or else he will be doomed} Ne5 23. Bxe5 dxe5 $17)
22... Qh5 23. h3 Ne5 24. Qc2 Nexf3 $1 {The position was simply asking for this
kind of a blow} 25. Nxf3 (25. gxf3 Nxf3 26. Nxf3 Qxf3+ 27. Bg2 (27. Kg1 Be4 $1
$19 (27... Qxe3+ 28. Kh2 (28. Rf2 Rg6+))) 27... Qxh3+ 28. Kg1 Qxe3+ 29. Rf2
Bxg2 $19) 25... Nxf3 $4 {I have been mainly concentrating on the position
arising after two captures on f3 and thought that 25.Nf3 just leads to a
tranposition.Now the game should have ended in a draw} (25... Nxh3 $1 $19 26.
gxh3 Qxf3+ {Transposing to the previous variation.}) 26. Be2 $1 {A nice
diffensive resource} (26. gxf3 Qxf3+ {-see 25.gxf3}) 26... Qg4 (26... Ne1 27.
Bxh5 Nxc2 28. Rxc2 Rxh5 29. Kg1 Rg5 30. Rd1 {would have given white very big
drawing chances.So I decided to force my opponent to find defenses in a time
trouble and unclear game}) 27. Bxf3 Bxf3 28. gxf3 Qxf3+ 29. Rg2 Rxh3+ 30. Kg1
Qxe3+ 31. Qf2 Qh6 (31... Qxf2+ $143 {Black cannot leave two pairs of rooks on
the board, because then the weakness of the g7 square will be a big factor} 32.
Rxf2 Rh4 33. Rxf5 Rxc4 34. bxc5 $14) 32. Qxf5 (32. Rh2 $2 Rxh2 33. Qxh2 Qxh2+
34. Kxh2 Re8 $19 {NOW white's position is critical} 35. Rg1 Re2+ 36. Rg2 Rxg2+
37. Kxg2 Kg8 38. Kf3 Kf7 39. Kf4 g6 40. Kg5 Ke6 41. b5 d5 $19) 32... Rh1+ 33.
Kf2 Qd2+ 34. Kg3 $4 (34. Kf3 {Would have forced a draw:} Rh3+ $1 35. Qxh3 Rf8+
36. Kg4 Qf4+ 37. Kh5 {And black has no more than a perpetual} Qh6+ 38. Kg4 Qg6+
39. Kh4 Rf4+ $2 (39... Qh6+ $11) 40. Rg4 Qh6+ 41. Kg3 Rf3+ 42. Kxf3 Qxh3+ 43.
Rg3 Qf5+ 44. Ke3 $18) 34... Qe3+ (34... Qe3+ 35. Kg4 (35. Qf3 Rh3+ 36. Kxh3
Qxf3+ $19) 35... h5+ $19) 0-1

[Event "St Petersburg-ch"]
[Site "St Petersburg"]
[Date "1998.04.19"]
[Round "12"]
[White "Ivanov, Sergey"]
[Black "Lugovoi, Aleksei"]
[Result "1-0"]
[WhiteElo "2570"]
[BlackElo "2540"]
[Annotator "Gershon,A"]
[PlyCount "81"]
[EventDate "1998.04.07"]
[EventType "tourn"]
[EventRounds "13"]
[EventCountry "RUS"]
[EventCategory "10"]
[SourceTitle "CBM 065"]
[Source "ChessBase"]
[SourceDate "1998.08.06"]
[SourceVersion "1"]
[SourceVersionDate "1998.08.06"]
[SourceQuality "1"]

1. d4 Nf6 2. c4 e6 3. Nc3 Bb4 4. Qc2 d6 (4... O-O 5. a3 Bxc3+ 6. Qxc3 b6 7. Bg5
Ba6 8. Nf3 d6 9. e3 Nbd7 10. Bd3 c5 11. O-O Rc8 12. d5 exd5 13. cxd5 Bxd3 14.
Qxd3 Qe7 15. Rad1 (15. Rfd1 c4 16. Qc2 Rc5 17. Rd4 Rfc8 18. Rad1 h6 19. Bh4 b5
20. b4 cxb3 21. Qxb3 g5 22. Bg3 Ne4 23. Nd2 Ndf6 24. Nxe4 Nxe4 25. Qd3 Rc4 $17
{0-1 Schandorff,L-Rozentalis,E/Sigeman and Co, Aarhus DEN 1997 (31)}) 15... Qe4
(15... c4 16. Qd4 Qe4 17. Bf4 Qe7 18. Rfe1 Rfe8 19. h3 Ne5 20. Bxe5 dxe5 21.
Qd2 Ne4 22. Qc2 Nd6 23. Nd2 e4 24. Nb1 b5 $15 {1/2-1/2 Pelletier,Y-Palac,M/4th
World Team Ch, Lucerne SUI 1997 (38)}) 16. Qb3 Rfe8 17. Bf4 c4 18. Qa4 Nc5 19.
Qxa7 Nd3 20. Qxb6 Nxd5 21. Qxd6 Rcd8 22. Qa6 Ra8 23. Qb5 N5xf4 24. exf4 Reb8
25. Qd7 Qxf4 26. Rd2 h6 27. Qd5 Ra6 28. g3 Qc7 29. Rb1 $15 {Bacrot,
E-Kortschnoj,V/Cannes mT 1996/0-1 (50)}) 5. a3 Bxc3+ 6. Qxc3 b6 7. Bg5 Nbd7 8.
e3 Ba6 9. Bd3 h6 10. Bh4 c5 11. Nf3 O-O 12. O-O Rc8 13. d5 exd5 14. cxd5 Bxd3
15. Qxd3 Qe8 $146 (15... Qe7 16. Rfe1 Qe4 17. Qxe4 Nxe4 18. Rad1 g5 19. Bg3 f5
20. Nd2 Nxg3 21. hxg3 Ne5 22. Re2 b5 23. f4 Nd7 24. Nf3 gxf4 25. exf4 Rf6 26.
Re7 Rf7 27. Re6 Rf6 28. Re7 $11 {1-0 Jakobsen,L-Aagaard,J/Karsten Kold,
Gistrup DEN 1997 (41)}) (15... Qc7 16. e4 Rfe8 17. Nd2 c4 18. Qd4 c3 19. Rac1
Qc5 20. Bxf6 Nxf6 21. Qd3 c2 22. Nb3 Qc4 23. Qxc4 Rxc4 24. f3 Nd7 25. Rf2 Rec8
26. Rd2 f5 27. exf5 Rf4 28. Nd4 Rc4 29. Nb5 Nc5 30. Nxd6 {1-0 Pelletier,
Y-Nisipeanu,L/1st Bavarian Open, Bad Wiessee GER 1997}) 16. Bxf6 Nxf6 17. Nd2 {
A new idea, which, in my opinion, is not enough for more than a drawThe usual
plan here is Rf(a)d1} Qe5 18. Nc4 Qe7 $2 {Black lets white to do whatever he
wants in the center counting on queen-side counterplay.White, however will get
to his target first. It seems that black should've gone for the draw.} (18...
Qxd5 $142 19. Qxd5 Nxd5 20. Rfd1 Nf6 21. Rxd6 Rfd8 22. Rad1 Rxd6 23. Rxd6 Kf8
$11) 19. a4 $1 {Gains at least two tempis by forcing black to prepare b5.} Rfe8
20. e4 Qd7 (20... Nxe4 $4 21. Rae1 Qh4 22. g3 $18) (20... Qxe4 $2 21. Qxe4 Nxe4
22. f3 Nf6 23. Nxd6 $16) 21. Rfe1 Rb8 22. f4 Rbd8 $2 {Black act lake he has
planty of time, but the fact is that maybe it was his last chance to get
counterplay.} (22... a6 $142 23. h3 (23. Rad1 $6 {[%cal Ge4e5]} b5 24. axb5
axb5 25. Na5 (25. Nd2 Qg4 $36) 25... c4 $1 {[%csl Ra5,Rg1][%cal Gd7a7,Ra7a5,
Ra7g1]} 26. Qd4 Rxe4 27. Rxe4 Nxe4 28. Nxc4 bxc4 29. Qxe4 Rxb2 30. Qxc4 Qg4 $19
) (23. Kh1 $6 b5 24. axb5 axb5 25. Na5 Ra8 $15) 23... b5 24. axb5 axb5 25. Nd2
$14 {[%cal Gd2f3,Ga1d1,Ge4e5]}) 23. h3 Qb7 24. Rad1 Qb8 25. Qf3 Nd7 (25... a6
26. e5 dxe5 27. fxe5 Nd7 28. e6 fxe6 29. dxe6 Nf6 30. e7 Rxd1 31. Qxd1 Qc7 32.
Qd6 $18) 26. Re2 a6 27. Rde1 f6 (27... b5 28. axb5 axb5 29. Na5 Qb6 30. Nc6 Ra8
31. e5 $40) 28. Qg4 Nf8 29. h4 b5 30. Ne3 Qa7 ({Of course not:} 30... Rxe4 31.
Nf5 $18) 31. Nf5 Kh7 32. axb5 axb5 33. h5 Rd7 34. Kh2 {We can see now where
each player got with his game plan.} Red8 35. e5 dxe5 36. fxe5 fxe5 (36... Rxd5
37. exf6 $18 {[%cal Ge2e7]}) 37. Rxe5 {[%csl Rg7][%cal Ge5e7] /\ Re7} Rf7 38.
d6 (38. Re7 Rd7 39. d6 Qa4) 38... Qd7 (38... Qb6 39. Re7 Rd7 40. Rxd7 Rxd7 41.
Re7 $18) (38... Rdd7 39. Re7 Qa4 40. Qxa4 bxa4 41. g4 $18) 39. Rxc5 Kh8 40. Re7
Rxe7 41. dxe7 1-0

[Event "EU-ch 1st"]
[Site "Saint Vincent"]
[Date "2000.07.05"]
[Round "3"]
[White "Gershon, Alik"]
[Black "Milov, Vadim"]
[Result "1/2-1/2"]
[WhiteElo "2502"]
[BlackElo "2626"]
[Annotator "Gershon,A"]
[PlyCount "88"]
[EventDate "2000.07.03"]
[EventType "swiss"]
[EventRounds "11"]
[EventCountry "ITA"]
[SourceTitle "CBM 078"]
[Source "ChessBase"]
[SourceDate "2000.10.18"]
[SourceVersion "1"]
[SourceVersionDate "2000.10.18"]
[SourceQuality "1"]

1. d4 {Milov} Nf6 2. c4 e6 3. Nc3 Bb4 4. Qc2 O-O 5. a3 Bxc3+ 6. Qxc3 d6 (6...
b6 7. Bg5 Ba6 8. e3 d6 9. Bd3 Nbd7 10. Ne2 c5 (10... h6 11. Bh4 c5 12. b4 cxd4
13. exd4 Rc8 14. Qb3 e5 15. b5 Bb7 16. O-O e4 17. Bb1 Qc7 18. Rc1 d5 $132 {
1/2-1/2 Baburin,A-Kunte,A/London 1999/EXT 2000 (31)}) (10... Rc8 11. b4 h6 12.
Bh4 Ne4 (12... c5 13. dxc5 bxc5 14. b5 Bb7 15. O-O Ne5 16. Bb1 Qe7 17. f3 Ng6
18. Bf2 Nd7 19. a4 $14 {0-1 Sashikiran,K-Kunte,A/Nagpur 1999/CBM 69 ext (38)})
13. Bxe4 Qxh4 14. Bc6 Nb8 15. Bf3 c6 16. O-O Nd7 17. Qc2 d5 18. cxd5 cxd5 19.
Qa4 Bxe2 20. Bxe2 Rc7 21. Rfc1 Rfc8 $11 {1/2-1/2 Vera,R-Rozentalis,E/3rd Open,
Malaga ESP 2000 (33)}) 11. Qc2 (11. Qb3 Rc8 12. Qa4 Bb7 13. O-O Qc7 14. Nc3 a6
15. Rac1 h6 16. Bh4 Rfe8 17. Qd1 Qb8 18. d5 exd5 19. Nxd5 Nxd5 20. cxd5 Rc7 21.
Bg3 Ne5 22. Bb1 Qd8 23. f4 Nd7 24. e4 $16 {1/2-1/2 Georgiev,K-Polgar,J/Batumi
1999/CBM 74 (92)}) (11. b4 h6 12. Bh4 cxd4 13. exd4 Rc8 14. Qb3 e5 15. Rc1 $1
e4 16. Bb1 Qc7 17. b5 Bb7 18. O-O d5 19. cxd5 Qd6 20. Nc3 Qf4 21. Bg3 $16 {
1-0 Lomineishvili,M-Iordachescu,V/Ubeda ESP 2000/The Week in Chess 272 (71)})
11... h6 12. Bh4 cxd4 (12... Rc8 13. Qa4 cxd4 (13... Bb7 14. O-O cxd4 15. exd4
Qc7 16. Nc3 a6 17. Rac1 Rfe8 {1/2-1/2 Lazarev,V-Rozentalis,E/Montreal CAN 2000/
The Week in Chess 301 (17)}) 14. Bxf6 (14. exd4 Nb8 15. Bxf6 Qxf6 16. Rd1 d5
17. cxd5 Bxd3 18. Rxd3 Qg6 19. Rg3 Qe4 20. Qd1 Qxd5 $17 {1/2-1/2 Atalik,
S-Gustafsson,J/Bled 1999/CBM 69 ext (42)}) 14... Nc5 15. Bxd8 Nxa4 16. Bh4 Nxb2
17. Nc1 Nxd3+ 18. Nxd3 dxe3 19. fxe3 Rxc4 20. Bg3 Rfc8 $36 {1/2-1/2 Wang
Lei-Torre,E/Quezon City PHI 2000/The Week in Chess 296 (43)}) 13. exd4 e5 $2
14. O-O Re8 15. Bf5 exd4 16. Nxd4 d5 17. Bxd7 Qxd7 18. Bxf6 gxf6 19. Rfd1 dxc4
20. Nf5 $18 {1-0 Savchenko,S-Anapolsky,S/Ordzhonikidze UKR 2000/The Week in
Chess 295 (38)}) 7. Bg5 Nbd7 8. Nf3 (8. e3 b6 9. Bd3 Ba6 10. Ne2 {would
tranfer to normal positions.}) 8... b6 9. e3 Ba6 10. b4 {to my opinion the
best plan when facing Ba6. In many positions with Bb7 white simply doesn't
have the time to play b2-b4-b5, but here he makes it with tempis.} c5 11. dxc5
bxc5 12. b5 Bb7 13. Bd3 a6 $1 {'!?' Milov. Expoiting the fact that the R
hasn't left the 'a' file yet.} (13... d5 {Milov} 14. O-O h6 15. Bh4 Qb6 16. a4
a5 $13) 14. O-O (14. a4 $2 {Milov} axb5 15. axb5 (15. cxb5 Qa5) 15... Rxa1+ 16.
Qxa1 Qa8 $17) 14... axb5 15. cxb5 Bxf3 (15... Qa5 $5 {Milov} 16. Qb2 h6 (16...
Qa4 $6 17. Bf4 e5 18. Bg3 e4 19. Bc2 $16) 17. Bh4 d5 $13) 16. gxf3 Qa5 17. Qb2
(17. Qxa5 Rxa5 18. e4 {[%cal Gg5d2]} (18. a4 Rfa8 19. Bc2 Nb6 (19... h6 20.
Bxf6 (20. Bf4 e5 21. Bg3 Nb6 22. Rfd1)) 20. Bxf6 (20. Rfb1 Nfd5 $17) 20... gxf6
21. Rfb1 Kf8 $15) 18... Rfa8 {[%csl Ra3]}) 17... d5 18. Kh1 {[%csl Rg7][%cal
Gf1g1,Gg1g7,Gb2g7]} (18. a4 {Milov} Nh5 19. Kh1 f5 $13) 18... c4 19. Rg1 (19.
Bc2 {Milov} Rfe8 (19... Nh5 20. Be7 (20. a4 {/\Be7-b4} f6) (20. Rg1 f5) 20...
Rfe8 21. Qb4 $16) 20. a4 e5 21. Bf5 Qb6 22. Rfd1 Nc5 23. a5 Rxa5 24. Rxa5 Qxa5
25. Bxf6 gxf6 26. Rxd5 Qe1+ 27. Kg2 Nd3 $132 {/\Kh8}) 19... Ne8 (19... cxd3 20.
Bxf6 g6 21. a4 $36 {/^a1-h8}) 20. Bc2 (20. Bh6 f6 21. Bb1 Ne5 $15) (20. Bb1 f6
21. Qc2 fxg5 22. Qxh7+ Kf7 23. Bg6+ Ke7 24. Bxe8 Kxe8 $19) 20... f6 21. Bf4 {
[%cal Gf4b8]} Rf7 22. a4 e5 {'?' Milov. Milov: '><d5' Weakenning the center,
but without it it would be very difficult for black to organize his pieces.} (
22... Nc5 {Milov} 23. Qa3 Qb6 {/\Rfa7}) 23. Bg3 Nc5 (23... Nb6 {Milov} 24. f4
e4 25. f5 $16) 24. Rgd1 Rd8 (24... Rd7 25. Qa3 $1 {[%csl Rc5][%cal Gc2f5]}) 25.
f4 $2 $138 {'?' Milov. The idea is to free the B, but it also allows black to
establish his N on d3} (25. Qa3 Rc7 (25... Ne6 26. Bf5) 26. f4 {'+/-' Milov.
Milov: '/\b6'} (26. Rab1 $16 {(Milov) /\b6}) 26... e4 27. f5 Rcc8 28. Rab1 $36)
25... e4 {'-/+' Milov. Milov: '><d3'} 26. f5 Nd3 27. Qd4 g6 {'!' Milov.} 28.
fxg6 hxg6 29. f3 Ng7 {'!' Milov.} 30. Bxd3 ({but not} 30. fxe4 $4 Ne6 {[%csl
Rd4] catching the Q}) (30. Be1 {Milov} Nxe1 (30... Qa8 31. fxe4 Ne6 32. Qb6)
31. Rxe1 Nf5 32. Qd1 Rh7 33. f4 (33. fxe4 dxe4 34. Qg4 Qd2 $19) (33. Ra2 Rh3
$17) 33... Kg7 $40) 30... Nf5 31. Be1 (31. Qc5 $142 {Milov} Nxg3+ 32. hxg3 exd3
$17) 31... Qa8 32. Qc5 Rc8 33. Qb4 $2 {'?!' Milov.} (33. Qb6 {was essential,
keeping the e3 pawn} exd3 (33... cxd3 {Milov} 34. fxe4 (34. a5 d4 35. Qe6 Re8
36. Qc6 Qxc6 37. bxc6 Nxe3 $19) 34... dxe4 (34... d4 35. Qe6) 35. Bd2 (35. a5
Qb7) 35... Qd5 {><Kh1} 36. Rac1 (36. a5 Kg7) 36... Rc2 37. a5 Nh4 $40) 34. a5 (
34. Bf2 $5) 34... Rb8 (34... Re8 35. Bf2 Qb7 36. Qxb7 Rxb7 37. b6 Kf7 38. e4
dxe4 39. fxe4 Nd6 40. a6 Nxe4 41. Bg1 Rd7 42. b7 Nd6 43. a7 Nxb7 44. a8=Q Rxa8
45. Rxa8 $18 c3) 35. Qc5 Rc8 36. Qb6 $11) 33... exd3 (33... cxd3 $5 {Milov} 34.
b6 (34. Bf2 d4) 34... Nxe3) 34. b6 $4 (34. Bf2 Rh7 {[%csl Rh2][%cal Ga8b8]} (
34... Kg7 {Milov} 35. a5 Rh8 36. b6 d4 37. e4 Qb8 38. Bg1 Qg3 $19) 35. Rg1 Kg7
36. b6 Rch8 37. Rg2 Qb8 38. f4 Qe8 39. a5 Qe4 40. Kg1 Nxe3 $17) 34... Nxe3 35.
Rdb1 Qb7 {'-+' Milov.} (35... Nc2 $142 36. b7 Rxb7 37. Qxb7 Qxb7 38. Rxb7 Nxa1
$19) 36. Qd6 (36. a5 {Milov} d4) 36... Nf5 $4 {'?' Milov.} (36... d4 37. Qg3 c3
$19 (37... c3 {Milov} 38. a5 (38. Qxg6+ Rg7 39. Qe4 d2) 38... d2 39. Bxd2 cxd2
40. Qxg6+ Rg7 41. Qxf6 Rc6 $19)) (36... Nc2 {Milov}) 37. Qf4 c3 {'?' Milov.} (
37... d4 {Milov} 38. a5 Ra8 $17) 38. a5 Qa6 (38... d2 39. Bxd2 cxd2 40. Qxd2 (
40. a6 d1=Q+ 41. Rxd1 Qxb6 $19) (40. Qxd2 {Milov} d4 41. Qf4 $13)) 39. Bxc3 {
'!!' Milov.} Rxc3 40. Rg1 $1 {'|^' Milov.} Ng7 $138 {'?' Milov.} (40... Rg7
$142 41. Rxg6 Rxg6 (41... d2 $1 42. Rxg7+ Nxg7 43. Qxd2 $36) 42. Qxf5 Kg7 (
42... Rg7 {Milov} 43. Qxd5+ Kh8 44. Qh5+ $11) 43. Qd7+ {'=' Milov.} Kh6 44.
Qh3+ $11) 41. Qd4 $1 $16 {'?!' Milov. Black is a full piece up but his
position is critical} (41. Rxg6 {Milov} Rc8 42. Rag1 $36) 41... Rc2 42. Qxd5 d2
43. Rxg6 $4 {returning the favor, I was completely sure that after 43...Qe2 44.
Rg7 Kg7 45.Rg1 black can only go to h6!} (43. Rad1 Qb7 44. Rxd2 Rxd2 45. Qxd2
Qxf3+ 46. Qg2 Qb3 (46... Qxg2+ 47. Kxg2 Ne6 48. a6 Nc7 49. Ra1 Nxa6 50. Rxa6
Rd7 51. Ra7 $18) 47. Qc6 $1 $16 (47. Qc6 {Milov} Kh7 48. a6 Rf8 49. a7 Qa3 50.
Qg2 g5 51. Qf2 Qa6 52. Qf3 $13)) (43. Rgd1 {Milov} Nf5 44. Rxd2 Rxd2 45. Qxd2
Kg7 $13) 43... Qe2 {'=' Milov.} 44. Rxg7+ Kxg7 (44... Kxg7 45. Rg1+ Kf8 (45...
Kh6 $4 46. Qf5 $1 Qxh2+ 47. Kxh2 d1=Q+ 48. Kh1 {'+-' Milov.} Qxg1+ 49. Kxg1 $18
) 46. Qd8+ Qe8 47. Qd6+ $11 (47. Rg8+ Kxg8 48. Qxe8+ Kg7 $19) (47. Qd6+ {Milov}
Qe7 48. Qb8+ $11)) 1/2-1/2

[Event "Wch U20"]
[Site "Yerevan"]
[Date "1999.09.22"]
[Round "5"]
[White "Gershon, Alik"]
[Black "Lopez Martinez, Josep Manuel"]
[Result "1-0"]
[WhiteElo "2492"]
[BlackElo "2375"]
[Annotator "Gershon,A"]
[PlyCount "79"]
[EventDate "1999.09.18"]
[EventType "swiss"]
[EventRounds "13"]
[EventCountry "ARM"]
[SourceTitle "CBM 072 Extra"]
[Source "ChessBase"]
[SourceDate "1999.11.18"]
[SourceVersion "1"]
[SourceVersionDate "1999.11.18"]
[SourceQuality "1"]

1. d4 Nf6 2. c4 e6 3. Nc3 Bb4 4. Qc2 O-O 5. a3 Bxc3+ 6. Qxc3 b6 7. Bg5 Bb7 8.
e3 d6 9. f3 Nbd7 10. Bd3 Rc8 $146 (10... c5 11. dxc5 Nxc5 12. Bc2 Rc8 13. Bxf6
Qxf6 14. Qxf6 gxf6 15. O-O-O (15. Rd1 Nd7 16. Rxd6 Ne5 17. b3 b5 18. Ne2 bxc4
19. Kf2 cxb3 20. Bxb3 Rfd8 21. Rhd1 Rxd6 22. Rxd6 Rb8 23. Nc1 Rc8 24. Ne2 Rb8
25. Nc1 Kf8 $11 {1/2-1/2 Shemeakin,A-Polak,T/Hlohovec 1995/EXT 97 (64)}) 15...
Rfd8 16. Nh3 e5 17. Kb1 a5 18. Nf2 d5 19. cxd5 Bxd5 20. Ng4 Kg7 21. Bxh7 Bb3
22. Bc2 Bxc2+ 23. Kxc2 Nd3+ 24. Kb1 f5 25. Rd2 fxg4 26. Rhd1 Rh8 27. Rxd3 Rxh2
28. R1d2 {1/2-1/2 Lev,R-Wells,P/Herzliya 1998/EXT 99 (28)}) (10... a5 11. Ne2
Re8 12. O-O Qe7 13. Qc2 h6 14. Bh4 g5 15. Bf2 Kg7 16. e4 Rh8 17. Nc3 Nf8 18. e5
dxe5 19. dxe5 N6d7 20. Be4 Bxe4 21. Nxe4 Ng6 22. Qc3 Rhd8 23. Rfe1 c5 $6 {
[%csl Gd6]} 24. Bg3 Nb8 25. Rad1 $16 {1-0 Baburin,A-Olsen,C/Copenhagen DEN
1999 (65)}) (10... Qe8 11. Ne2 e5 12. e4 Kh8 13. O-O Ng8 14. Bc2 f6 15. Be3 Ne7
16. f4 Qg6 17. d5 Qg4 18. Ng3 a5 19. b3 $16 (19. b4 $2 axb4 20. axb4 Rxa1 21.
Qxa1 Ra8 22. Qb2 exf4 23. Rxf4 Qg5 $13 {0-1 Lorscheid,G-Bauer,P/Wuert 1996/EXT
99 (35)})) 11. b4 c5 12. dxc5 bxc5 13. b5 d5 (13... h6 14. Bh4 d5 15. Ne2 Nb6
16. O-O $13) 14. cxd5 $5 (14. Ne2 {is the normal move here, but I wanted to
exploit the fact that black hasn't yet played h6}) 14... c4 $1 {Winning an
important tempo:} (14... exd5 15. Bf5 Re8 (15... d4 16. exd4 Re8+ 17. Ne2 Qe7 (
17... cxd4 18. Qxd4 $16) 18. Qd3) 16. Ne2 (16. Bxf6 gxf6 (16... Nxf6 17. Bxc8
d4 18. Qxc5 Rxe3+ 19. Kf1 Bxc8 20. Rd1 $18))) (14... Nxd5 15. Bxh7+ Kh8 16.
Bxd8 Nxc3 17. Ba5 {-the game but with black pawn on c4, which frees the c5
square for the knight}) 15. Bc2 Nxd5 16. Bxh7+ Kh8 17. Bxd8 Nxc3 18. Ba5 Nxb5
$6 (18... Nd5 19. Be4 Nxe3 20. Bxb7 Nc2+ 21. Kf2 Nxa1 22. Bxc8 Rxc8 23. Ne2 Nb3
24. Bb4 $11) 19. Bc2 Nc5 20. a4 Nd6 $2 {A mistake after which the things do
not depend on black anymore} (20... Nc7 $1 21. Ne2 Nd5 22. Ra3 $1 $14) 21. Rd1
Nf5 22. Kf2 Ba6 23. e4 Nh6 {[%csl Gh6][%cal Gf2e3,Gg1e2,Ga5c3] Now black's
position is practically lost.} (23... Ne7 24. Bb4 {[%cal Gd1d6]} Rc6 25. Ne2
Rb8 26. Ba3 $16) 24. Rd6 Rb8 25. Bc3 {[%cal Gc3d4]} Rfd8 26. Rxd8+ Rxd8 27. Ne2
Ng8 28. Ke3 Nf6 29. h4 {[%cal Gc3h8,Gh4h6]} Bb7 30. h5 Bc6 31. Bd4 (31. h6 Bxa4
32. Bxa4 Rd3+ 33. Kf4 Nxa4 {complicates the things a bit.}) 31... Bxa4 (31...
Ncd7 32. Rd1 {[%cal Gd1d8]}) 32. Bxa4 Nxa4 33. h6 (33. Ra1 Nb6 34. Rxa7 Nbd7
35. h6 $16) 33... Nb6 34. Nf4 e5 (34... Nbd7 35. Nh5 $1 Kg8 (35... Nh7 36.
Bxg7+ Kg8 37. Rd1 $18) 36. Nxg7 $18 {[%csl Ga7,Gc4,Gh6][%cal Gh6h8]}) 35. Bxe5
Nbd7 36. Bc3 Rb8 37. g4 Rb3 38. Kd2 Kg8 39. Nd5 Nxd5 (39... Nh7 40. Ne7+ Kf8
41. hxg7+) (39... gxh6 40. Nxf6+ Nxf6 41. Bxf6 Rxf3 42. g5) 40. h7+ 1-0